The Aldrich library of infrared spectra /
Guardado en:
| Autor Principal: | |
|---|---|
| Autor Corporativo: | |
| Formato: | Libro |
| Idioma: | English |
| Publicado: |
Milwaukee, Wis. (940 W. St. Paul Ave., Milwaukee 53233) :
Aldrich Chemical Co.,
c1981.
|
| Edición: | 3rd ed. |
| Materias: | |
| Etiquetas: |
Agregar Etiqueta
Sin Etiquetas, Sea el primero en etiquetar este registro!
|
| LEADER | 00781cam a22002175a 4500 | ||
|---|---|---|---|
| 001 | EIQ.libpla001708 | ||
| 008 | 811123s1981####wiua##########001#0#eng#d | ||
| 005 | 20070306174342.0 | ||
| 245 | 1 | 4 | |a The Aldrich library of infrared spectra / |c Charles J. Pouchert. |
| 250 | |a 3rd ed. | ||
| 260 | |a Milwaukee, Wis. (940 W. St. Paul Ave., Milwaukee 53233) : |b Aldrich Chemical Co., |c c1981. | ||
| 300 | |a xxiii, 1873 p. : |b principalmente il. ; |c 32 cm. | ||
| 500 | |a Incluye índices. | ||
| 100 | 1 | |a Pouchert, Charles J. | |
| 710 | 2 | |a Aldrich Chemical Company. | |
| 082 | 0 | 0 | |a 547.3/08583 |2 19 |
| 650 | 0 | |a Espectroscopía infrarroja |x Tablas. | |
| 650 | 0 | |a Infrared spectroscopy |x Tables. | |
| 010 | |a 81067533 | ||
| 040 | |a DLC |c DLC |d AR-BbSID | ||
| 859 | |a AR-BbSID |b BIB. PLAPIQUI |h 543.085 |i P 86 |k R |p 2053 | ||
